| 000 | 00629nam a2200205Ia 4500 | ||
|---|---|---|---|
| 008 | 210303s9999 xx 000 0 und d | ||
| 016 | _2retro2021 | ||
| 020 | _a978029242x | ||
| 040 |
_aNLN _bEnglish _eAACR2 |
||
| 050 |
_aHJ9929.N685 _bO82 |
||
| 082 | _a352.430966 | ||
| 100 |
_aOSHISAMI, Kolade _eaut _932259 |
||
| 245 | 0 |
_aGovernent accounting and financial control : _bprinciples and practice / _cKolade Oshisami |
|
| 260 |
_aIbadan, Oyo State : _bSpectrum House, _c1992 |
||
| 300 |
_ax, 231p. : _bill. ; 23cm |
||
| 563 | _a(pbk) | ||
| 650 |
_aFinance, Public _vNigeria _919207 |
||
| 650 |
_aAccounting _91538 |
||
| 942 | _cBK | ||
| 999 |
_c12902 _d12902 |
||